1237 1344 1090 1927 1342 1895 1418 1968 1764 1194 1311 1718 1723 1255 1160 1187 1571 1538 1510 1072 1190 1859 1395 1536 1525 1230 1090 1438 1610 1380 1785 1166 1100 1016 1169 1463 1056 1968 1146 1610 1233 1508 1789 1135 1640 1167 1084 1780 1038 1795 1886 1567 1578 1393 1037 1396 1844 1593 1852 1030 1244 1917 1531 1513 1493 1778 1565 1319 1879 1869 1717 1186 1170 1192 1508 1514 1419 1080 1127 1520 1902 1998 1643 1610 1030 1437 1744 1307 1402 1937 1721 1662 1881 1091 1335 1629 1910 1704 1944 BCNSPRNW ULIB Ver.6.0+V

เปลี่ยนเป็นภาษาไทย

Change to English
 แสดงรายละเอียดบรรณานุกรม
  กลับหน้าหลัก

Brief Record : Get Marc (ISO 2709) : E-mail record : QR code < ปิดหน้าต่าง
LEADER : 00000nam 2200000uu 4500
001    13399127060
003     ULIB
008    020711s2561 th a 000 0 tha d
020    ^a9786160443215
060    ^aWS103^bS-ล
100    ^aSAM GODWIN
245    ^aโลกใบใหญ่ในห้องครัว ชุดครอบครัวนักวิทยาศาสตร์ ์น้อย (นิทานสร้างความรู้ สองภาษา ไทย-อังกฤษ)
250    ^aพิมพ์ครั้งที่ 1
260    ^aกรุงเทพฯ :^bนานมีบุ๊คส์คิดดี้,^c2561
300    ^a36 หน้า;^b24 ซม.
650    ^aเด็ก^xการเรียนการสอน
945    ^p115^l0^i006248
999    ^aประนอม เกษจรัล
รายการนี้ยังไม่มีแท็ก
คุณยังไม่ได้ล็อกอิน คุณสามารถมีกิจกรรมร่วมกับเว็บไซต์ได้ แต่ต้องล็อกอินก่อน ::
  ล็อกอิน

รายการสื่อสารสนเทศ

ลำดับที่ ประเภท เลขเรียก/บาร์โค้ด สถานที่ สถานะ
1. วิทยาศาสตร์การแพทย์ และสุขภาพ
วิทยาศาสตร์การแพทย์ และสุขภาพ
WS103 S-ล ฉ.1 
  Barcode: 006248
ห้องสมุดวิทยาเขตสวรรค์ประชารักษ์
►หนังสือทั่วไป
บนชั้น

รายการใกล้เคียง
    ผู้แต่ง [SAM GODWIN]

BibComment


ยังไม่เคยถูกคอมเมนท์

คอมเมนท์ทรัพยากรรายการนี้
  คอมเมนท์: โลกใบใหญ่ในห้องค..


 Copyright 2026. Bcnsprnw @Library